000 00755nam a2200229 a 4500
001 000028026
003 DO-SdBNP
005 20250307073710.0
007 ta
008 110406s1994 dr 000 0 spa d
040 _aDO-SdBNP
_bspa
_cBNPHU
082 4 _bD963p
100 1 _aDurán, Diony
_924537
245 1 3 _aEl proyecto utópico de Pedro Henríquez Ureña:
_bferia nacional del libro Pedro Henríquez Ureña, 1992. /
_cDiony Durán.
260 _aSanto Domingo :
_bEditora ONAP,
_c1994
300 _a20 p. ;
_c22 cm.
500 _aFeria nacional del libro Pedro Henríquez Ureña, 1992.
504 _aBibliografía: p. 19 - 20
590 _aInventariado 2023 / MF
600 1 0 _aHenríquez Ureña, Pedro,
_d1884-1946
_91718
942 _2ddc
_cLF2
999 _c27518
_d27518